| Record ID | ia:thinkinginjava0000ecke_a7k8 |
| Source | Internet Archive |
| Download MARC XML | https://archive.org/download/thinkinginjava0000ecke_a7k8/thinkinginjava0000ecke_a7k8_marc.xml |
| Download MARC binary | https://www.archive.org/download/thinkinginjava0000ecke_a7k8/thinkinginjava0000ecke_a7k8_meta.mrc |
LEADER: 00578cam a2200205 a 4500
001 97052713
003 DLC
005 19990624152536.5
008 971216s1998 njua 001 0 eng
010 $a 97052713
020 $a0136597238 (pbk.)
040 $aDLC$cDLC$dDLC
050 00 $aQA76.73.J38$bE25 1998
082 00 $a005.13/3$221
100 1 $aEckel, Bruce.
245 10 $aThinking in Java /$cBruce Eckel.
260 $aUpper Saddle River, N.J. :$bPrentice Hall,$cc1998.
300 $a1098 p. :$bill. ;$c24 cm.
500 $aIncludes index.
650 0 $aJava (Computer program language)